Building a sustainable future (Record no. 107622)

MARC details
000 -LEADER
fixed length control field 01439cad a22002415a 4500
001 - CONTROL NUMBER
control field L141274
008 - FIXED-LENGTH DATA ELEMENTS--GENERAL INFORMATION
fixed length control field 071109s2007 xxk f 000 0 eng d
035 ## - SYSTEM CONTROL NUMBER
System control number (Sirsi) u141274
041 0# - LANGUAGE CODE
Language code of text/sound track or separate title eng
050 04 - LIBRARY OF CONGRESS CALL NUMBER
Classification number 306.1 $2 18
110 2# - MAIN ENTRY--CORPORATE NAME
Corporate name or jurisdiction name as entry element NextGeneration
9 (RLIN) 5448
245 00 - TITLE STATEMENT
Title Building a sustainable future
Remainder of title UK home builders' progress in addressing sustainability
Medium [electronic resource]
260 ## - PUBLICATION, DISTRIBUTION, ETC.
Place of publication, distribution, etc. S.l.
Name of publisher, distributor, etc. NextGeneration
Date of publication, distribution, etc. 2007
520 ## - SUMMARY, ETC.
Summary, etc. NextGeneration is a partnership between WWF-UK, Insight Investment and the Housing Corporation which seeks to promote best practice for sustainability within the housing sector. The report ranks the UK's top 20 housebuilders in terms of their performance on sustainability issues, with the Berkeley Group, Taylor Woodrow and George Wimpey emerging as front-runners in terms of their performance on sustainability. The report suggests, however, that although home builders recognise the importance of sustainability, more needs to be done if the industry is to meet government targets of making all new homes zero carbon by 2016.
590 ## - LOCAL NOTE (RLIN)
Local note KA NTK
651 #4 - SUBJECT ADDED ENTRY--GEOGRAPHIC NAME
Geographic name United Kingdom
Chronological subdivision
690 ## - LOCAL SUBJECT ADDED ENTRY--TOPICAL TERM (OCLC, RLIN)
Topical term or geographic name as entry element ENVIRONMENTAL AND LAND CONSULTANCY-SUSTAINABILITY-SUSTAINABLE DEVELOPMENT
710 2# - ADDED ENTRY--CORPORATE NAME
Corporate name or jurisdiction name as entry element WWF-UK
710 2# - ADDED ENTRY--CORPORATE NAME
Corporate name or jurisdiction name as entry element Insight Investment
9 (RLIN) 5449
710 2# - ADDED ENTRY--CORPORATE NAME
Corporate name or jurisdiction name as entry element Housing Corporation
856 40 - ELECTRONIC LOCATION AND ACCESS
Uniform Resource Identifier <a href="https://www.wwf.org.uk/news/n_0000004512.asp">https://www.wwf.org.uk/news/n_0000004512.asp</a>
Public note View the report free of charge at www.wwf.org.uk...
942 ## - ADDED ENTRY ELEMENTS (KOHA)
Suppress in OPAC 0
Holdings
Withdrawn status Lost status Source of classification or shelving scheme Damaged status Not for loan Home library Current library Shelving location Date acquired Total Checkouts Full call number Barcode Date last seen Copy number Price effective from Koha item type
    Dewey Decimal Classification     Virtual Virtual Online 09/11/2007   ONLINE PUBLICATION 141274-2001 06/08/2019 1 06/08/2019 Book